00335nam a2200133Ia 4500008004100000041000800041082001500049100002000064245003700084250001600121260002200137300001100159650003100170231207s9999 xx 000 0 und d aeng a658.31/STI aHerta A. Murphy aEffective Business Communication a7th Edition bTata mc graw hill aPB/649 aComnputer Program Language